| 000 | 00377nam a2200145Ia 4500 | ||
|---|---|---|---|
| 008 | 150201s2002 xx 000 0 und d | ||
| 082 |
_a603 _bM2002S |
||
| 100 | _aP.S SHANKAR | ||
| 245 | _aOXFORD & IBH NEW MEDICAL DICTIONARY | ||
| 250 | _a1ST | ||
| 260 |
_bOXFORD & IBH PUBLISHING CO.PVT.LTD _aNEW DELHI _c2002 |
||
| 300 | _a1-871 | ||
| 650 | _aDICTIONARIES | ||
| 942 |
_2ddc _cBK |
||
| 999 |
_c2722 _d2722 |
||